[Event "Vellmar op-A 2nd"]
[Site "Vellmar"]
[Date "2010.07.11"]
[Round "6"]
[White "Braun, Ingram H"]
[Black "Faynberg, Roman"]
[Result "1-0"]
[WhiteElo "1967"]
[BlackElo "2045"]
[PlyCount "75"]
[EventDate "2010.07.08"]
[EventType "swiss"]
[EventRounds "7"]
[EventCountry "GER"]
[SourceTitle "EXT 2011"]
[Source "ChessBase"]
[SourceDate "2010.11.26"]
[SourceVersion "1"]
[SourceVersionDate "2010.11.26"]
[SourceQuality "1"]

1. e4 d6 2. Nc3 g6 3. d4 Bg7 4. Be3 c6 5. h3 Nd7 6. Nf3 Qb6 7. Rb1 Qa5 8. Be2 a6 9. 0-0 d5 10. b4 Qd8 11. exd5 cxd5 12. Nxd5 Ngf6 13. Nxf6+ Nxf6 14. c4 Ne4 15. Rc1 h5 16. Nd2 Nd6 17. Bf3 Nf5 18. Nb3 Qc7 19. Qd2 Nxe3 20. fxe3 Bf6 21. Qf2 g5 22. Bd5 Rh6 23. Nc5 h4 24. Ne4 g4 25. hxg4 Bxg4 26. Qf4 Qxf4 27. Rxf4 Bc8 28. Rcf1 Ra7 29. Nxf6+ exf6 30. Rxf6 Rxf6 31. Rxf6 b5 32. c5 h3 33. gxh3 Bxh3 34. Kh2 Bg4 35. Kg3 Bh5 36. Kf4 a5 37. Rb6 axb4 38. Rxb5 1-0

[Event "Vellmar op 1st"]
[Site "Vellmar"]
[Date "2009.07.31"]
[Round "2"]
[White "Heinelt, Manfred"]
[Black "Faynberg, Roman"]
[Result "0-1"]
[WhiteElo "2233"]
[BlackElo "2026"]
[PlyCount "73"]
[EventDate "2009.07.30"]
[EventType "swiss"]
[EventRounds "7"]
[EventCountry "GER"]
[SourceTitle "EXT 2018"]
[Source "ChessBase"]
[SourceDate "2017.10.13"]
[SourceVersion "1"]
[SourceVersionDate "2017.10.13"]
[SourceQuality "1"]

1. d4 Nf6 2. c4 e6 3. Nc3 Bb4 4. a3 Bxc3+ 5. bxc3 Ne4 6. Qc2 f5 7. Nh3 0-0 8. f3 Nf6 9. Bg5 d6 10. e3 Qe8 11. Bd3 Nc6 12. 0-0 h6 13. Bh4 Qh5 14. Bf2 e5 15. c5 Ne7 16. cxd6 cxd6 17. Qb3+ Kh8 18. Qb4 Rd8 19. dxe5 Nc6 20. Qb1 dxe5 21. c4 Re8 22. Bg3 Re7 23. Rd1 Be6 24. Be2 f4 25. Bf2 Bxh3 26. gxh3 Qxh3 27. Ra2 e4 28. exf4 exf3 29. Bf1 Qg4+ 30. Kh1 Ne4 31. Qb3 Qxf4 32. Be3 Qg4 33. Qc2 Qh5 34. Bg1 f2 35. Bxf2 Nxf2+ 36. Qxf2 Qxd1 37. Rd2 0-1